<?xml version="1.0" encoding="UTF-8"?><?xml-stylesheet type="text/xsl" href="static/style.xsl"?><OAI-PMH xmlns="http://www.openarchives.org/OAI/2.0/" xmlns:xsi="http://www.w3.org/2001/XMLSchema-instance" xsi:schemaLocation="http://www.openarchives.org/OAI/2.0/ http://www.openarchives.org/OAI/2.0/OAI-PMH.xsd"><responseDate>2026-05-14T06:46:03Z</responseDate><request verb="GetRecord" identifier="oai:riubu.ubu.es:10259/11466" metadataPrefix="marc">https://riubu.ubu.es/oai/request</request><GetRecord><record><header><identifier>oai:riubu.ubu.es:10259/11466</identifier><datestamp>2026-03-05T11:57:54Z</datestamp><setSpec>com_10259.4_2539</setSpec><setSpec>com_10259_5086</setSpec><setSpec>com_10259_2604</setSpec><setSpec>col_10259_8029</setSpec></header><metadata><record xmlns="http://www.loc.gov/MARC21/slim" xmlns:doc="http://www.lyncode.com/xoai" xmlns:xsi="http://www.w3.org/2001/XMLSchema-instance" xmlns:dcterms="http://purl.org/dc/terms/" xsi:schemaLocation="http://www.loc.gov/MARC21/slim http://www.loc.gov/standards/marcxml/schema/MARC21slim.xsd">
<leader>00925njm 22002777a 4500</leader>
<datafield tag="042" ind1=" " ind2=" ">
<subfield code="a">dc</subfield>
</datafield>
<datafield tag="720" ind1=" " ind2=" ">
<subfield code="a">Carmona Ballestero, Eduardo</subfield>
<subfield code="e">author</subfield>
</datafield>
<datafield tag="260" ind1=" " ind2=" ">
<subfield code="c">2025</subfield>
</datafield>
<datafield tag="520" ind1=" " ind2=" ">
<subfield code="a">En los últimos 15 años se han desarrollado dos ciclos de investigación dirigidos a estudiar las comunidades&#xd;
rurales/campesinas de un sector concreto de la Meseta Norte española. El primero se centró en su&#xd;
origen e inicial despliegue durante la Prehistoria Reciente. El segundo en su devenir bajo los sistemas&#xd;
estatales que se han sucedido desde la Edad del Hierro a la Edad Media. La experiencia acumulada&#xd;
permite reflexionar sobre el proceso investigador realizado y las nuevas perspectivas que se plantean a&#xd;
causa de la renovación metodológica.</subfield>
</datafield>
<datafield tag="520" ind1=" " ind2=" ">
<subfield code="a">During the last 15 years, two cycles of research have been carried out to study the rural/peasant&#xd;
communities of a specific sector of the Spanish Northern Plateau. The first one was focused on&#xd;
their origin and initial expansion during recent Prehistoric times. The second one addressed their&#xd;
development under the state systems that have succeeded each other from the Iron Age to the Middle&#xd;
Ages. The acquired experience allows us to reflect on the research process carried out and the new&#xd;
perspectives that have arisen as a result of the methodological renewal.</subfield>
</datafield>
<datafield tag="024" ind2=" " ind1="8">
<subfield code="a">978-1-80327-967-1</subfield>
</datafield>
<datafield tag="024" ind2=" " ind1="8">
<subfield code="a">978-1-80327-968-8</subfield>
</datafield>
<datafield tag="024" ind2=" " ind1="8">
<subfield code="a">https://hdl.handle.net/10259/11466</subfield>
</datafield>
<datafield ind1=" " ind2=" " tag="653">
<subfield code="a">Arqueología del Paisaje</subfield>
</datafield>
<datafield ind1=" " ind2=" " tag="653">
<subfield code="a">Fenomenología arqueológica</subfield>
</datafield>
<datafield ind1=" " ind2=" " tag="653">
<subfield code="a">Capital agrario</subfield>
</datafield>
<datafield ind1=" " ind2=" " tag="653">
<subfield code="a">Nuevas tecnologías</subfield>
</datafield>
<datafield ind1=" " ind2=" " tag="653">
<subfield code="a">Landscape archaeology</subfield>
</datafield>
<datafield ind1=" " ind2=" " tag="653">
<subfield code="a">Agricultural capital</subfield>
</datafield>
<datafield ind1=" " ind2=" " tag="653">
<subfield code="a">New technologies</subfield>
</datafield>
<datafield ind1=" " ind2=" " tag="653">
<subfield code="a">Archaeological phenomenology</subfield>
</datafield>
<datafield tag="245" ind1="0" ind2="0">
<subfield code="a">Las comunidades rurales/campesinas en el noroeste de la Meseta Norte: planteamientos y perspectivas a partir de las novedades del registro arqueológico</subfield>
</datafield>
</record></metadata></record></GetRecord></OAI-PMH>